The language of Social Research
محفوظ في:
| المؤلفون الرئيسيون: | , |
|---|---|
| التنسيق: | كتاب |
| اللغة: | الإنجليزية |
| منشور في: |
Nueva York
Free Press
1955
|
| الموضوعات: | |
| الوسوم: |
إضافة وسم
لا توجد وسوم, كن أول من يضع وسما على هذه التسجيلة!
|
MARC
| LEADER | 00000nam a2200000 a 4500 | ||
|---|---|---|---|
| 001 | UCH1991 | ||
| 003 | CL-VaPUC | ||
| 008 | 090520e19550000US |||||||||||||||||eng|d | ||
| 082 | 0 | 4 | |a 303 |b LAZ |2 21 |
| 100 | |a Lazarsfeld, Paul Felix |e author |9 536619 | ||
| 700 | 0 | |a Rosenberg, Morris |e author |9 536620 | |
| 245 | 1 | 4 | |a The language of Social Research |
| 300 | |a 590 p | ||
| 942 | |c BK | ||
| 945 | |d 20090520 00:00:00 |a dcastane | ||
| 260 | |a Nueva York |b Free Press |c 1955 | ||
| 650 | 0 | |a Ciencias sociales |9 256351 | |
| 650 | 0 | |a Investigación social |9 307814 | |
| 583 | |a last modification |c 20090520 00:00:00 |k Rodrigo Vera | ||
| 999 | |c 333860 |d 333858 | ||
| 952 | |0 0 |1 0 |4 0 |6 303_000000000000000_LAZ_1955 |7 0 |8 A |9 422503 |a BIBHIS |b BIBHIS |d 2019-11-22 |i 4517571 |o 303 LAZ 1955 |p 4517571 |r 2025-01-20 |w 2019-11-22 |y BK |k HIS | ||